Medzinárodné právo verejné osobitná časť

Guardado en:
Detalles Bibliográficos
Autor principal: Vršanský, Peter
Autor Corporativo: Univerzita Komenského v Bratislave. Právnická fakulta
Otros Autores: Valuch, Jozef
Formato: Libro
Lenguaje:eslovaco
Publicado: Bratislava Eurokódex 2013
Materias:
Etiquetas: Agregar Etiqueta
Sin Etiquetas, Sea el primero en etiquetar este registro!

MARC

LEADER 00000nam a2200000 4500
001 0177939
005 20240226122627.2
020 |a 978-80-8155-003-4 
041 0 |a slo 
044 |a SK 
245 1 0 |a Medzinárodné právo verejné  |b osobitná časť  |c Peter Vršanský, Jozef Valuch a kolektív 
264 1 |a Bratislava  |b Eurokódex  |c 2013 
300 |a 544 s. 
610 2 0 |a právo verejné medzinárodné 
610 2 0 |a štát 
610 2 0 |a obyvateľstvo 
610 2 0 |a ochrana ľudských práv 
610 2 0 |a bezpečnosť medzinárodná 
610 2 0 |a právo zmluvné 
610 2 0 |a zmluvy medzinárodné 
610 2 0 |a súdnictvo 
610 2 0 |a právo trestné medzinárodné 
610 2 0 |a súdy 
100 1 |a Vršanský, Peter 
700 1 |a Valuch, Jozef 
710 2 |a Univerzita Komenského v Bratislave. Právnická fakulta